Налогообложение коммерческой деятельности: учебно-практическое пособие

Bibliografske podrobnosti
Glavni avtor: Оканова Т. Н. Татьяна Николаевна
Izvleček:В учебно-практическом пособии рассмотрены косвенные налоги и налог на прибыль организаций с позиций Налогового кодекса Российской Федерации. Учтены все поправки, внесенные в налоговое законодательство России. Дана подробная характеристика общих положений налога на добавленную стоимость, акциза и налога на прибыль. По каждому из налогов представлен обширный материал, в котором анализируются ситуации из практики коммерческой деятельности и особенности налогообложения видов доходов, расходов и категорий налогоплательщиков.Для студентов экономических вузов и факультетов, преподавателей, специалистов налоговой и финансовой систем, предпринимателей.
Jezik:ruščina
Izdano: Москва, ЮНИТИ, 2013
Teme:
Format: Knjiga
KOHA link:https://koha.lib.tpu.ru/cgi-bin/koha/opac-detail.pl?biblionumber=223365

MARC

LEADER 00000nam0a2200000 4500
001 223365
005 20231101230523.0
010 |a 9785238023762 
035 |a (RuTPU)RU\TPU\book\243610 
090 |a 223365 
100 |a 20121010d2013 m y0rusy50 ca 
101 0 |a rus 
102 |a RU 
105 |a a j 001zy 
200 1 |a Налогообложение коммерческой деятельности  |e учебно-практическое пособие  |f Т. Н. Оканова 
210 |a Москва  |c ЮНИТИ  |d 2013 
215 |a 287 с.  |c ил. 
320 |a Библиогр.: с. 281. 
330 |a В учебно-практическом пособии рассмотрены косвенные налоги и налог на прибыль организаций с позиций Налогового кодекса Российской Федерации. Учтены все поправки, внесенные в налоговое законодательство России. Дана подробная характеристика общих положений налога на добавленную стоимость, акциза и налога на прибыль. По каждому из налогов представлен обширный материал, в котором анализируются ситуации из практики коммерческой деятельности и особенности налогообложения видов доходов, расходов и категорий налогоплательщиков.Для студентов экономических вузов и факультетов, преподавателей, специалистов налоговой и финансовой систем, предпринимателей. 
606 1 |a Налогообложение  |2 stltpush  |3 (RuTPU)RU\TPU\subj\36473  |9 57839 
610 1 |a налоги 
610 1 |a налог на добавленную стоимость 
610 1 |a налог на прибыль организаций 
610 1 |a налогоплательщики 
610 1 |a налоговый учет 
610 1 |a коммерческая деятельность 
610 1 |a коммерческие предприятия 
610 1 |a налоговые обязательства 
610 1 |a лизинг 
610 1 |a договор дарения 
610 1 |a бартерные сделки 
610 1 |a агентские договора 
610 1 |a договор комиссии 
610 1 |a доверительное управление 
610 1 |a акцизы 
610 1 |a налоговая база 
610 1 |a налоговые вычеты 
610 1 |a учебные пособия 
686 |a У9(2)261.4я73  |v LBC/SL-A  |2 rubbk 
700 1 |a Оканова  |b Т. Н.  |g Татьяна Николаевна 
801 1 |a RU  |b 63413507  |c 20121010 
801 2 |a RU  |b 63413507  |c 20150522  |g RCR 
900 |a Налоги и налогообложение 
942 |c BK 
955 |l 8 
959 |a 121/20120926  |d 2  |e 400,00  |f ЧЗГЛ:1  |f АНЛ:1